00000000nam##2200000za#4500
0019.623184
003CaOODSP
00520240212134142
007ta
008150406|1995||||xxc|||||     f|0| 0 fre|d
020 |a0-662-80062-1
022 |a1713-0646
040 |aCaOODSP|bfre
043 |an-cn---
0861 |aNE22-1/1995-3F
1101 |aCanada. |bOffice national de l'énergie.
24510|aGazoduc Trans Québec & Maritimes Inc. : |bdemande datée du 20 septembre 1994, dans sa version modifiée, visant les nouveaux droits exigibles à partir du 1er janvier 1995
260 |aCalgary - Alberta : |bOffice national de l'énergie |cAvril 1995.
300 |avii, 24p. : |btableaux ; |c28 cm.
4901 |aMotifs de décision|x1713-0646
563 |aCouverture souple
77508|tTrans Québec & Maritimes Pipeline Inc. : |w(CaOODSP)9.611957
830#0|aMotifs de décision (Canada. Office national de l'énergie)|x1713-0646|w(CaOODSP)9.513162
986 |aRHW-1-94